000 00578nam a2200193 a 4500
001 000030974
005 20240412074255.0
008 091014s1942 dr 001 p spa d
040 _aDO-SdBNP
_bspa
_cBNPHU
082 _aRD861.44
_bR319s
100 1 _aRedondo, N. D.
_926644
245 1 0 _aSinfonías absurdas /
_cN. D. Redondo.
260 _aCiudad Trujillo, República Dominicana :
_bRincón,
_c1942.
300 _a99 p. ;
_c16 cm.
650 0 _aPoesía dominicana
_966
650 0 _aLiteratura dominicana.
_967
910 _aValidado. Control de calidad MFF
049 _aBNPD
999 _c30466
_d30466